Goldeagle Properties Ltd v Thornbury Court Ltd (Record no. 80654)
[ view plain ]
| 000 -LEADER | |
|---|---|
| fixed length control field | 02812cab a22002415a 4500 |
| 001 - CONTROL NUMBER | |
| control field | L144939 |
| 008 - FIXED-LENGTH DATA ELEMENTS--GENERAL INFORMATION | |
| fixed length control field | 080826e20080725xxk f v 000 0 eng d |
| 035 ## - SYSTEM CONTROL NUMBER | |
| System control number | (Sirsi) u144939 |
| 041 0# - LANGUAGE CODE | |
| Language code of text/sound track or separate title | eng |
| 245 00 - TITLE STATEMENT | |
| Title | Goldeagle Properties Ltd v Thornbury Court Ltd |
| Medium | [electronic resource] |
| 260 ## - PUBLICATION, DISTRIBUTION, ETC. | |
| Date of publication, distribution, etc. | 2008 |
| 520 ## - SUMMARY, ETC. | |
| Summary, etc. | [2008] EWCA Civ 864, 25 July 2008. It was found that there was nothing in the wording of the Leasehold Reform, Housing and Urban Development Act 1993 s24(1) to prevent a leasehold valuation tribunal from dealing with unagreed matters relating to an acquisition in stages. Appellant (T), the freehold reversion of a block of flats, appealed against a decision that there was no deemed withdrawal of an initial notice served on it by the tenants of the flats under the Act for the purposes of exercising the right to a collective enfranchisement of the flats. Notice identified the respondent (G) as the nominee purchaser, had identified the interests to be acquired and had set a date for the response. T served a counter-notice admitting the right to collective enfranchisement and accepting some of the proposed prices to be paid and disputing others. It enclosed draft transfers featuring terms that G neither agreed to or disagreed with at that time. T then applied to the leasehold valuation tribunal to settle the prices disputed. It did so, but did not comment on the terms of the conveyance. G then informed T by letter that it agreed to it's terms and later applied to the court for a vesting order under s24. A judge held that the application did not run until the agreement and that the application was made in time and that there had been no deemed withdrawal of the initial notice. Held: appeal dismissed. The general intention of the act was to identify the elements of a dispute and to allow a tribunal to settle them. Until all aspects of an acquisition were agreed upon an application for a vesting order did not begin to run and there was nothing to prevent the tribunal acting in stages where necessary. The judge had been right to find that the application for the vesting order was made in time and that there was no deemed withdrawal of the initial notice. |
| 590 ## - LOCAL NOTE (RLIN) | |
| Local note | KA |
| 650 24 - SUBJECT ADDED ENTRY--TOPICAL TERM | |
| Topical term or geographic name entry element | GOLDENEAGLE PROPERTIES LTD V THORNBURY COURT LTD |
| 650 24 - SUBJECT ADDED ENTRY--TOPICAL TERM | |
| Topical term or geographic name entry element | EARL CADOGAN AND ANOTHER V SPORTELLI AND ANOTHER |
| 650 24 - SUBJECT ADDED ENTRY--TOPICAL TERM | |
| Topical term or geographic name entry element | LEASEHOLD REFORM, HOUSING AND URBAN DEVELOPMENT ACT 1993 PART I |
| 650 24 - SUBJECT ADDED ENTRY--TOPICAL TERM | |
| Topical term or geographic name entry element | PENMAN V UPAVON ENTERPRISES LTD |
| 650 24 - SUBJECT ADDED ENTRY--TOPICAL TERM | |
| Topical term or geographic name entry element | SINCLAIR GARDENS INVESTMENTS (KENSINGTON) V EARDLEY CRESCENT |
| 651 #4 - SUBJECT ADDED ENTRY--GEOGRAPHIC NAME | |
| Geographic name | United Kingdom |
| Chronological subdivision | |
| 690 ## - LOCAL SUBJECT ADDED ENTRY--TOPICAL TERM (OCLC, RLIN) | |
| Topical term or geographic name as entry element | PROPERTY-LEASEHOLD PROPERTY-LANDLORD AND TENANT-LEASES-LEASEHOLD ENFRANCHISEMENT |
| 856 40 - ELECTRONIC LOCATION AND ACCESS | |
| Uniform Resource Identifier | <a href="https://www.bailii.org/ew/cases/EWCA/Civ/2008/864.html">https://www.bailii.org/ew/cases/EWCA/Civ/2008/864.html</a> |
| Public note | View the case free of charge online at www.bailii.org... |
| 942 ## - ADDED ENTRY ELEMENTS (KOHA) | |
| Suppress in OPAC | 0 |
| Withdrawn status | Lost status | Source of classification or shelving scheme | Damaged status | Not for loan | Home library | Current library | Shelving location | Date acquired | Total Checkouts | Full call number | Barcode | Date last seen | Copy number | Price effective from | Koha item type |
|---|---|---|---|---|---|---|---|---|---|---|---|---|---|---|---|
| Dewey Decimal Classification | Virtual | Virtual | Online | 26/08/2008 | ONLINE PUBLICATION | 144939-1001 | 06/08/2019 | 1 | 06/08/2019 | Law report |